000 00594nam a22002297a 4500
003 UA-OsUOA
001 98240
007 ta
008 20130411b un ||||| |||| 00| 0 ukr d
100 _aГоловко А. В.
090 _a821.161.2
_bГ61
942 _cBK
040 _aUA-OsUOA
_bukr
_cUA-OsUOA
_dUA-OsUOA
245 _aТвори
_bв 2 т.
_nТ.1
300 _a576 с.
955 _a3
041 _aukr
080 _a821.161.2
260 _aК.
_bНаукова думка
_c1986
650 7 _a82 Література. Літературознавство
_2UDC
999 _c384670
_d384670